000 00379nam a2200145 a 4500
005 20140412111326.0
008 110120s19uu xx 00 eng d
020 _a981-209-835-6
050 _aTR(PS E
_bBu85ho
245 _aBubbles is honest.
260 _aSingapore :
_bEarly childhood publications.
300 _aunp.
440 _abubbles first storybooks
999 _c104680
_d104680